000 00497nam a2200157 i 4500
001 bg
100 1 _aCIELENKIEWICZ, Krzysztof
245 0 _aInformator dla kandydatów na studia w Akademii Górniczo-Hutniczej im. S.Staszica w Krakowie /
_cKrzysztof Cielenkiewicz, Edwin Kornel Stadnicki, Erozm Stec.
260 _aKraków,
_c1977.
700 1 _aSTADNICKI, Kornel Edwin
700 1 _aSTEC, Erozm
040 _cBPK
041 _apol
942 _cKS
008 s pl f |000 0 pol
999 _c17342
_d17342
856 _uhttp://koha.tu.koszalin.pl/cgi-bin/koha/opac-detail.pl?biblionumber=17342
_yKatalog online BPK